00778nam a22002057a 4500999001900000005001700019010001300036020002600049035001200075037001300087082001100100100002800111245007300139246005200212260005300264270005900317300002700376942003300403952013600436 c197270d19727020230821105427.0 aUR-12137 a9789394616837c400.00 aU-10692 bDBAD/PUB a840.08 aسو پوری ، شفق aیاد کی اجنبی منڑ یر وں پر /cشفق سوپو ری aYaad ki Ajnabi Munderon Par /bby Shafaq Sopori aNew DelhibEducational Publishing Housec2022 ء aH.O. D1/16, Ansari Road, Darya GanjbNew Delhie110002 a212 صc22cm(pbk)  2ddccURmس و پe h840.08 001040708NFICaMPbMPd2023-08-21eDBAD/PUBg400.00l0o840.08 س و پpU-10692r2023-08-21 00:00:00t1v400.00w2023-08-21yUR